| 000 | 00000nas##2200000za#4500 |
| 001 | 9.503549 |
| 003 | CaOODSP |
| 005 | 20220916123929 |
| 007 | cr ||||||||||| |
| 008 | 150406c1991||||xxc|| p o||||f| |0fre|d |
| 022 | |a1494-0337 |
| 040 | |aCaOODSP|bfre |
| 043 | |an-cn--- |
| 086 | 1 |aM77-21F-PDF |
| 110 | 2 |aCentre canadien de télédétection. |
| 245 | 10|aTélédétection au Canada |h[ressource électronique] |
| 260 | |aOttawa - Ontario : |bRessources naturelles Canada. |
| 310 | |aTrimestriel |
| 691 | 07|aRessources naturelles|2gcpds |
| 691 | 07|aTélédétection|2gcpds |
| 775 | 08|tRemote sensing in Canada |w(CaOODSP)9.507159 |
| 776 | 0#|tRemote sensing in Canada / |w(CaOODSP)9.508572 |
| 776 | 0#|tTélédétection au Canada / |w(CaOODSP)9.508573 |